Código civil: anotado y concordado, índice temático alfabético
محفوظ في:
| التنسيق: | كتاب |
|---|---|
| اللغة: | الإسبانية |
| منشور في: |
Santiago
LexisNexis
2004
|
| الطبعة: | 4a. ed |
| سلاسل: | Códigos de la República de Chile
|
| الموضوعات: | |
| الوسوم: |
إضافة وسم
لا توجد وسوم, كن أول من يضع وسما على هذه التسجيلة!
|
MARC
| LEADER | 00000nam a2200000 a 4500 | ||
|---|---|---|---|
| 001 | UCL9252 | ||
| 003 | CL-VaPUC | ||
| 008 | 040730e20040100CL |||||||||||||||||spa|d | ||
| 020 | |a 9562384381 | ||
| 082 | 0 | 4 | |a 346.83 |b COD |2 21 |
| 245 | 1 | 0 | |a Código civil: anotado y concordado, índice temático alfabético |
| 250 | |a 4a. ed | ||
| 300 | |a 685 p | ||
| 942 | |c BK | ||
| 945 | |d 20040730 00:00:00 |a cmena | ||
| 260 | |a Santiago |b LexisNexis |c 2004 | ||
| 650 | 0 | |a Derecho civil chileno |9 320612 | |
| 650 | 0 | |a Código civil chileno |9 255931 | |
| 650 | 0 | |a Derecho natural |9 255041 | |
| 650 | 7 | |a MATRIMONIO |2 CL-VaPUC |9 487062 | |
| 650 | 0 | |a Patria potestad |9 369365 | |
| 650 | 0 | |a Bienes |9 255749 | |
| 650 | 0 | |a Aspectos jurídicos |9 328188 | |
| 650 | 0 | |a Contratos |9 255153 | |
| 583 | |a last modification |c 20040730 00:00:00 |k Rodrigo Vera | ||
| 490 | 0 | |a Códigos de la República de Chile | |
| 999 | |c 310116 |d 310114 | ||
| 952 | |0 0 |1 0 |2 ddc |4 0 |6 346_830000000000000_COD_2004 |7 0 |8 FOND_LRYV |9 378244 |a BIBDER |b BIBDER |d 2019-11-21 |i 4041852 |o 346.83 COD 2004 |p 4041852 |r 2023-01-25 |w 2019-11-21 |y BK_X |k DER | ||
| 952 | |0 0 |1 0 |2 ddc |4 0 |6 346_830000000000000_COD_2004 |7 0 |8 FOND_LRYV |9 378254 |a BIBDER |b BIBDER |d 2019-11-21 |i 4126130 |o 346.83 COD 2004 |p 4126130 |r 2023-01-25 |w 2019-11-21 |y BK_X |k DER | ||